00989nam a2200181 a 450000100100000000500170001000800410002704000300006808200190009811000460011724500460016326000540020930000190026350000500028250503960033265100430072865000360077100000763520200929154236.0910226s1990 ck 000 0 spa d aDO-SdBNPbspacDLCdBNPHU a354.861bC718d1 aColombia.bPresidente (1986-1990 : Barco)10aDiscursos :b1986-1990 /cVirgilio Barco. aBogotá :bPresidencia de la República,c1990. a5 v. ;c24 cm. aLa biblioteca posee los volúmenes 1, 2 y 3.0 gVol. 1.tReforma política y cambio democrático. Mensajes de año nuevo a la nación --gVol. 2.tPaz, lucha contra el narcotráfico y orden público --gVol. 3.tEconomía social --gVol. 4.tPolítica exterior --gVol. 5.tDerechos humanos y libertad de prensa. Política indigenista y protección del medio ambiente. Cultura, educación y deporte. Homenajes y condecoraciones. 4aColombiaxPolítica Y Gobiernoy1974- 4aDiscursos políticoszColombia